[Event "III Festival Marche Estate Magistrale"]
[Site "Falconara Marittima ITA"]
[Date "2005.07.23"]
[Round "8"]
[White "Cecchetto, Vanni"]
[Black "Castrogiovanni, Carlo"]
[Result "1-0"]
[WhiteElo "2019"]
[BlackElo "2108"]
[PlyCount "43"]
[EventDate "2005.07.18"]

1.Nf3 c5 2.c4 Nf6 3.Nc3 Nc6 4.d4 cxd4 5.Nxd4 e6 6.Bg5 Be7 7.e3 Qa5 8.Bxf6 
Bxf6 9.Be2 O-O 10.O-O Nxd4 11.exd4 d5 12.cxd5 exd5 13.Bf3 Be6 14.Qb3 Bxd4 
15.Bxd5 Bxd5 16.Nxd5 Rfd8 17.Ne7+ Kf8 18.Qxb7 Rab8 19.Qe4 Qc5 20.Rae1 Re8 
21.Qxh7 g6 22.Qg8# 1-0

[Event "III Festival Marche Estate Magistrale"]
[Site "Falconara Marittima ITA"]
[Date "2005.07.23"]
[Round "8"]
[White "Del Dotto, Riccardo"]
[Black "Tencati, Giuseppe"]
[Result "1-0"]
[WhiteElo "2127"]
[BlackElo "2109"]
[PlyCount "77"]
[EventDate "2005.07.18"]

1.d4 f5 2.Nc3 Nf6 3.Bf4 g6 4.h4 d6 5.e3 Be6 6.Nf3 c6 7.Ng5 Qc8 8.h5 Bg7 9.
hxg6 hxg6 10.Rxh8+ Bxh8 11.Qd2 Bg8 12.O-O-O Nbd7 13.e4 e5 14.dxe5 dxe5 15.
Bh2 Qc7 16.exf5 gxf5 17.Bd3 f4 18.Bg6+ Ke7 19.g3 Ng4 20.Qxd7+ Qxd7 21.
Rxd7+ Kxd7 22.Bf5+ Kc7 23.Bxg4 fxg3 24.Bxg3 Bd5 25.Nxd5+ cxd5 26.Nf7 Bg7 
27.Bxe5+ Bxe5 28.Nxe5 Rf8 29.Nd3 Rg8 30.f3 Kd6 31.Kd2 a5 32.a4 Rh8 33.f4 
d4 34.Ke2 Rh2+ 35.Nf2 Kc5 36.Bh3 Kb4 37.f5 d3+ 38.cxd3 Kxa4 39.f6 1-0

[Event "III Festival Marche Estate Magistrale"]
[Site "Falconara Marittima ITA"]
[Date "2005.07.23"]
[Round "8"]
[White "Dvirnyy, Danyyil"]
[Black "Dekker, Bart"]
[Result "1/2-1/2"]
[WhiteElo "2141"]
[BlackElo "2144"]
[PlyCount "37"]
[EventDate "2005.07.18"]

1.e4 c5 2.Nf3 d6 3.d4 cxd4 4.Qxd4 Nc6 5.Bb5 Bd7 6.Bxc6 Bxc6 7.Nc3 Nf6 8.
Bg5 e6 9.O-O-O Be7 10.Qd3 Qa5 11.h4 h6 12.Bd2 Qa6 13.Qxa6 bxa6 14.Rde1 Rc8
15.Nd4 Ba8 16.f3 Nd7 17.Nce2 O-O 18.Kb1 Rc7 19.Rc1 1/2-1/2

[Event "III Festival Marche Estate Magistrale"]
[Site "Falconara Marittima ITA"]
[Date "2005.07.23"]
[Round "8"]
[White "Faber, Hugo"]
[Black "Padovani, Alessio"]
[Result "1-0"]
[WhiteElo "2167"]
[BlackElo "2008"]
[PlyCount "97"]
[EventDate "2005.07.18"]

1.e4 d5 2.exd5 Qxd5 3.Nc3 Qa5 4.d4 Bf5 5.Nf3 Nf6 6.Bd2 c6 7.Bc4 e6 8.Ne5 
Nbd7 9.Nxd7 Nxd7 10.Qe2 Bb4 11.a3 Nf6 12.f3 h5 13.O-O-O Bxc3 14.Bxc3 Qc7 
15.d5 cxd5 16.Bxd5 O-O-O 17.Bb3 Rxd1+ 18.Rxd1 Rd8 19.Re1 Nd7 20.g3 g5 21.
Kb1 g4 22.fxg4 hxg4 23.Bc4 Nc5 24.Bf6 Rf8 25.Be5 Qc6 26.Bb5 Qe4 27.Bd6 Rd8
28.Bxc5 Qxe2 29.Rxe2 Rd5 30.b4 b6 31.Ba6+ Kc7 32.Be3 f6 33.Bc4 Rd1+ 34.Kb2
e5 35.Rf2 Be4 36.Rxf6 Re1 37.Bd2 Rh1 38.Bc3 Rxh2 39.Bxe5+ Kd7 40.Bb3 Rh7 
41.Rf7+ Rxf7 42.Bxf7 Bc6 43.c4 Bf3 44.Kc3 Be2 45.Bd5 Kd8 46.Kd4 Kc8 47.c5 
bxc5+ 48.bxc5 a6 49.c6 1-0

[Event "III Festival Marche Estate Magistrale"]
[Site "Falconara Marittima ITA"]
[Date "2005.07.23"]
[Round "8"]
[White "Gardon, Ermanno"]
[Black "Rossi, Aldo A."]
[Result "1/2-1/2"]
[WhiteElo "2178"]
[BlackElo "2154"]
[PlyCount "70"]
[EventDate "2005.07.18"]

1.c4 b6 2.Nc3 e6 3.e4 Bb7 4.a3 c5 5.Nf3 Nc6 6.d4 cxd4 7.Nxd4 Nf6 8.Nc2 Qc7
9.Bg5 Qe5 10.f4 Qc7 11.Qd2 a6 12.b4 d6 13.Be2 Be7 14.Rd1 O-O 15.O-O Rfd8 
16.Ne3 h6 17.Bxf6 Bxf6 18.Ng4 Be7 19.f5 Bg5 20.Qe1 Ne5 21.fxe6 fxe6 22.h4 
Be7 23.Nxe5 dxe5 24.Qg3 Rxd1 25.Rxd1 Rd8 26.Rxd8+ Bxd8 27.Bh5 Qxc4 28.Qg6 
Qd4+ 29.Kh2 Qd7 30.Bg4 Bc8 31.Qh5 Qf7 32.Kh3 Qxh5 33.Bxh5 Kf8 34.Be2 Ke7 
35.Kg4 Bc7 1/2-1/2

[Event "III Festival Marche Estate Magistrale"]
[Site "Falconara Marittima ITA"]
[Date "2005.07.23"]
[Round "8"]
[White "Giacometti, Carlo"]
[Black "Foglia, Maurizio"]
[Result "0-1"]
[WhiteElo "2089"]
[BlackElo "2114"]
[PlyCount "82"]
[EventDate "2005.07.18"]

1.Nc3 d5 2.e4 d4 3.Nce2 e5 4.Ng3 Be6 5.Nf3 f6 6.d3 Bd6 7.Be2 Ne7 8.O-O c5 
9.c4 Nbc6 10.Ne1 Qd7 11.Qa4 O-O 12.f4 exf4 13.Bxf4 a6 14.Bxd6 Qxd6 15.Nf5 
Nxf5 16.exf5 b5 17.Qd1 Bf7 18.b3 Ne5 19.g4 Rab8 20.Rf2 Be8 21.Ng2 bxc4 22.
dxc4 Bc6 23.Nf4 Rfe8 24.Ne6 Bd7 25.Nf4 Rbd8 26.Bf1 Nc6 27.Bg2 Ne7 28.Qd2 
Bc6 29.Re1 Bd7 30.Ne6 Rc8 31.Rfe2 Nc6 32.Bd5 Kh8 33.g5 Ne5 34.gxf6 gxf6 
35.Qh6 Rg8+ 36.Kf1 Ng4 37.Qh4 Bxe6 38.Rxe6 Qf4+ 39.Ke2 d3+ 40.Kxd3 Nf2+ 
41.Kc3 Qxh4 0-1

[Event "III Festival Marche Estate Magistrale"]
[Site "Falconara Marittima ITA"]
[Date "2005.07.23"]
[Round "8"]
[White "Gromovs, Sergejs"]
[Black "Rinaudo, Andrea"]
[Result "1-0"]
[WhiteElo "2375"]
[BlackElo "2130"]
[PlyCount "99"]
[EventDate "2005.07.18"]

1.d4 Nf6 2.Nf3 e6 3.c4 d5 4.Nc3 Nbd7 5.Bf4 c6 6.e3 Be7 7.Qc2 Nh5 8.Be5 
Nxe5 9.dxe5 g6 10.Be2 f5 11.O-O-O Bd7 12.Kb1 a6 13.Nd4 Ng7 14.f4 O-O 15.g3
Qc7 16.Ka1 Rac8 17.Rc1 dxc4 18.Bxc4 b5 19.Be2 c5 20.Nb3 Bc6 21.Rhd1 b4 22.
Nb1 a5 23.Ba6 Be4 24.Qc4 Ra8 25.Bb5 Bd5 26.Qe2 a4 27.N3d2 Qb6 28.Bc4 Rfd8 
29.g4 Ra7 30.e4 Bxe4 31.Nxe4 fxe4 32.Rxd8+ Qxd8 33.f5 Bg5 34.Rd1 Qc8 35.
Qxe4 Kh8 36.f6 Ne8 37.h4 Bxh4 38.g5 Bxg5 39.Rh1 Bxf6 40.exf6 Nxf6 41.Qxg6 
Nd5 42.Qg5 Rg7 43.Qe5 Qd7 44.Bd3 Kg8 45.Qb8+ Kf7 46.Bb5 Qe7 47.Rf1+ Nf6 
48.Be8+ Qxe8 49.Rxf6+ Ke7 50.Rxe6+ 1-0

[Event "III Festival Marche Estate Magistrale"]
[Site "Falconara Marittima ITA"]
[Date "2005.07.23"]
[Round "8"]
[White "Maksimenko, Andrei"]
[Black "Tomba, Ivan"]
[Result "1/2-1/2"]
[WhiteElo "2505"]
[BlackElo "2232"]
[PlyCount "100"]
[EventDate "2005.07.18"]

1.e4 c5 2.Nf3 d6 3.d4 cxd4 4.Nxd4 Nf6 5.Nc3 a6 6.Be3 e6 7.f3 b5 8.g4 h6 9.
Qd2 Nbd7 10.O-O-O Bb7 11.Bd3 Ne5 12.Rhe1 Nfd7 13.f4 Nxg4 14.e5 Nc5 15.Nxe6
Nxe6 16.f5 Nxe3 17.Rxe3 d5 18.fxe6 fxe6 19.Kb1 Be7 20.Rf3 Kd7 21.Rf7 Qc7 
22.Qe3 g5 23.Rdf1 Raf8 24.a3 Kc8 25.Ne2 Rxf7 26.Rxf7 Rf8 27.Qh3 Rxf7 28.
Qxe6+ Kb8 29.Qxf7 Qxe5 30.c3 Bc5 31.Qh5 Qf6 32.Qe8+ Ka7 33.Kc2 g4 34.Qh5 
Bd6 35.Qxg4 Bxh2 36.Nd4 Be5 37.Nf5 Qg5 38.Qb4 Qf6 39.Qc5+ Qb6 40.Qxb6+ 
Kxb6 41.Nxh6 d4 42.Nf7 Bf6 43.c4 bxc4 44.Bxc4 Be4+ 45.Bd3 Bd5 46.Nd6 Be6 
47.Ne4 Be7 48.Nd2 a5 49.Be4 Bg5 50.Nf3 Bf6 1/2-1/2

[Event "III Festival Marche Estate Magistrale"]
[Site "Falconara Marittima ITA"]
[Date "2005.07.23"]
[Round "8"]
[White "Mazzariol, Oscar"]
[Black "Rinaudo, Sergio"]
[Result "1-0"]
[WhiteElo "2078"]
[BlackElo "2087"]
[PlyCount "41"]
[EventDate "2005.07.18"]

1.e4 e5 2.Nf3 Nf6 3.d4 exd4 4.e5 Ne4 5.Qxd4 d5 6.exd6 Nxd6 7.Nc3 Nc6 8.Qf4
g6 9.Be3 Bg7 10.O-O-O O-O 11.Nb5 Be6 12.Kb1 a6 13.Nxd6 cxd6 14.Rxd6 Qa5 
15.Bc4 Nb4 16.Bxe6 fxe6 17.Qc4 Rac8 18.Qxe6+ Kh8 19.Rc1 Rf6 20.Qxc8+ Bf8 
21.a3 1-0

[Event "III Festival Marche Estate Magistrale"]
[Site "Falconara Marittima ITA"]
[Date "2005.07.23"]
[Round "8"]
[White "Okhotnik, Vladimir"]
[Black "Ferretti, Folco"]
[Result "1-0"]
[WhiteElo "2404"]
[BlackElo "2272"]
[PlyCount "127"]
[EventDate "2005.07.18"]

1.c4 Nf6 2.Nc3 c5 3.Nf3 d5 4.d4 e6 5.cxd5 Nxd5 6.e3 Nc6 7.Bd3 Be7 8.O-O 
cxd4 9.exd4 O-O 10.Re1 Bf6 11.Ne4 Be7 12.a3 b6 13.Qc2 Bb7 14.Neg5 g6 15.
Re4 Ncb4 16.axb4 Nxb4 17.Qe2 Nxd3 18.Qxd3 Bxe4 19.Nxe4 Qd5 20.g4 f5 21.Nc3
Qb7 22.Bh6 Rfe8 23.gxf5 gxf5 24.Bf4 Bf6 25.Be5 Bxe5 26.Nxe5 Re7 27.Qf3 
Qxf3 28.Nxf3 Kf7 29.Kf1 Kf6 30.Ra6 Rc8 31.Ke2 Rc4 32.Kd3 Rb4 33.Kc2 Rg7 
34.b3 Rg2 35.Nd1 Rg7 36.Kc3 Rb5 37.b4 f4 38.Ne5 Rc7+ 39.Kb3 Rd5 40.Nc3 Rd8
41.Nb5 Rg7 42.Kc4 Ra8 43.h4 h5 44.Kd3 Rg2 45.Ke4 Rxf2 46.Nc7 Rd8 47.Rxa7 
Re2+ 48.Kf3 Rxe5 49.dxe5+ Kxe5 50.Ra6 Kf5 51.Rxb6 e5 52.Rb5 Rd3+ 53.Ke2 
Rb3 54.Nd5 Rb2+ 55.Kd3 f3 56.Rb8 e4+ 57.Kc3 Re2 58.Rf8+ Kg4 59.b5 Re1 60.
b6 Rc1+ 61.Kd4 Rb1 62.Kxe4 Kxh4 63.Rxf3 Kg4 64.Rf7 1-0

[Event "III Festival Marche Estate Magistrale"]
[Site "Falconara Marittima ITA"]
[Date "2005.07.23"]
[Round "8"]
[White "Rago, Riccardo"]
[Black "Santurbano, Maria Vincenza"]
[Result "1/2-1/2"]
[WhiteElo "2111"]
[BlackElo "2001"]
[PlyCount "51"]
[EventDate "2005.07.18"]

1.e4 e5 2.Nf3 Nc6 3.Bc4 Be7 4.O-O Nf6 5.d3 O-O 6.Nc3 d6 7.Nd5 Nxd5 8.Bxd5 
Nb8 9.c3 c6 10.Bb3 Bg4 11.h3 Bh5 12.d4 Nd7 13.Qe2 Qc7 14.g4 Bg6 15.dxe5 
dxe5 16.Bc2 Rad8 17.Be3 Bc5 18.Nh4 Qb6 19.b3 Bxe3 20.Qxe3 Qxe3 21.fxe3 Nc5
22.Nxg6 hxg6 23.Rad1 Ne6 24.b4 Rxd1 25.Rxd1 Rd8 26.Rxd8+ 1/2-1/2

[Event "III Festival Marche Estate Magistrale"]
[Site "Falconara Marittima ITA"]
[Date "2005.07.23"]
[Round "8"]
[White "Raineri, Valerio"]
[Black "Borgiani, Flavio"]
[Result "1/2-1/2"]
[WhiteElo "2145"]
[BlackElo "2208"]
[PlyCount "121"]
[EventDate "2005.07.18"]

1.e4 c5 2.Nf3 e6 3.d4 cxd4 4.Nxd4 a6 5.Bd3 Ne7 6.O-O Nec6 7.Nb3 Be7 8.Be3 
d6 9.N1d2 Nd7 10.c3 O-O 11.f4 Nf6 12.a4 e5 13.f5 d5 14.Qe2 dxe4 15.Bxe4 
Nd5 16.Bxd5 Qxd5 17.Rad1 f6 18.Nc4 Qe4 19.Nbd2 Qh4 20.Nb6 Rb8 21.Qc4+ Qxc4
22.Ndxc4 Rd8 23.Rxd8+ Nxd8 24.Nd5 Nc6 25.Ncb6 Bf8 26.b4 h5 27.g3 Ne7 28.
Nxe7+ Bxe7 29.h3 Bd8 30.Nxc8 Rxc8 31.Rd1 Be7 32.Rd7 Kf8 33.Bd2 Rd8 34.
Rxd8+ Bxd8 35.Be3 b5 36.axb5 axb5 37.Kf2 Ke7 38.Bc5+ Kd7 39.Bf8 Kc6 40.
Bxg7 Kd5 41.Ke3 Bb6+ 42.Kd3 e4+ 43.Ke2 Ke5 44.g4 hxg4 45.hxg4 Bd8 46.Bh6 
Bb6 47.Be3 Bd8 48.Kf2 Be7 49.Kg3 Kd5 50.Kf2 Kc4 51.Bd4 Kd3 52.Bc5 Bxc5+ 
53.bxc5 Kd2 54.c6 e3+ 55.Kf3 e2 56.c7 e1=Q 57.c8=Q Qf1+ 58.Kg3 Qe1+ 59.Kg2
Qe4+ 60.Kg3 Qe5+ 61.Kf3 1/2-1/2

[Event "III Festival Marche Estate Magistrale"]
[Site "Falconara Marittima ITA"]
[Date "2005.07.23"]
[Round "8"]
[White "Stromboli, Carlo"]
[Black "Pegoraro, Nicola"]
[Result "1-0"]
[WhiteElo "2158"]
[BlackElo "2085"]
[PlyCount "109"]
[EventDate "2005.07.18"]

1.e4 c5 2.Nf3 d6 3.d4 cxd4 4.Nxd4 Nf6 5.Nc3 a6 6.Be3 e5 7.Nb3 Be6 8.f3 
Nbd7 9.Qd2 Rc8 10.g4 b5 11.g5 Nh5 12.Nd5 Bxd5 13.exd5 Nf4 14.Rg1 Nb6 15.
Bxf4 exf4 16.O-O-O Be7 17.Qxf4 O-O 18.h4 Nc4 19.Bd3 Ne5 20.Qe3 Re8 21.f4 
Nxd3+ 22.Qxd3 Rc4 23.Nd4 Bf8 24.h5 Qe7 25.g6 Qe3+ 26.Qxe3 Rxe3 27.gxf7+ 
Kxf7 28.Ne6 g6 29.hxg6+ hxg6 30.Nxf8 Kxf8 31.Rxg6 Re2 32.c3 Rxf4 33.Rd2 
Re1+ 34.Kc2 Ke7 35.Rg7+ Kf6 36.Ra7 Ra4 37.Rf2+ Kg6 38.Rd7 Rxa2 39.Rxd6+ 
Kg7 40.Rd7+ Kg6 41.d6 Raa1 42.Rd8 Rec1+ 43.Kb3 Rd1 44.d7 Kg7 45.Re2 Rab1 
46.Re7+ Kf6 47.Rh7 Rd2 48.Kb4 Rbxb2+ 49.Ka5 Rd5 50.Kxa6 b4 51.Rf8+ Kg6 52.
Re7 Rd6+ 53.Ka5 Rd5+ 54.Ka4 Rbd2 55.cxb4 1-0

[Event "III Festival Marche Estate Magistrale"]
[Site "Falconara Marittima ITA"]
[Date "2005.07.23"]
[Round "8"]
[White "Stromboli, Ettore"]
[Black "Brigati, Alessandro"]
[Result "1-0"]
[WhiteElo "2192"]
[BlackElo "2034"]
[PlyCount "93"]
[EventDate "2005.07.18"]

1.e4 d6 2.d4 Nf6 3.Nc3 g6 4.f3 Bg7 5.Be3 c6 6.Qd2 b5 7.Bh6 Bxh6 8.Qxh6 Bb7
9.e5 dxe5 10.dxe5 Nd5 11.O-O-O Qa5 12.Qg7 Rf8 13.Nge2 Nd7 14.Nxd5 cxd5 15.
Kb1 e6 16.Nd4 a6 17.Qxh7 O-O-O 18.Nb3 Qb4 19.Qh6 Nxe5 20.Qe3 Qd6 21.Na5 
Qc7 22.Nb3 Kb8 23.Qc5 Rc8 24.Qxc7+ Rxc7 25.c3 Ka7 26.Be2 Kb6 27.Rhe1 Nc6 
28.Nd4 Rd8 29.Bd3 Nxd4 30.cxd4 Rh8 31.h3 Rh4 32.Bf1 Rf4 33.Rd2 a5 34.Rc1 
Rxc1+ 35.Kxc1 b4 36.Kc2 Bc6 37.b3 Bb5 38.Bxb5 Kxb5 39.Kd3 Rh4 40.Rc2 Kb6 
41.Rc8 Rh5 42.Rf8 Rf5 43.Ke3 g5 44.g4 Rf6 45.Rg8 Rh6 46.Rxg5 Rxh3 47.Rh5 
1-0

[Event "III Festival Marche Estate Magistrale"]
[Site "Falconara Marittima ITA"]
[Date "2005.07.23"]
[Round "8"]
[White "Zilahi, Gabor"]
[Black "Astengo, Corrado"]
[Result "1-0"]
[WhiteElo "2117"]
[BlackElo "2129"]
[PlyCount "77"]
[EventDate "2005.07.18"]

1.d4 d5 2.e3 Nf6 3.Bd3 c5 4.c3 e6 5.Nd2 Nc6 6.f4 Bd6 7.Ngf3 cxd4 8.cxd4 
Nb4 9.Bb1 Bd7 10.a3 Nc6 11.Ne5 Rc8 12.O-O O-O 13.g4 Be8 14.g5 Nd7 15.Bxh7+
Kxh7 16.Qh5+ Kg8 17.Rf3 Bxe5 18.dxe5 Ndxe5 19.Rh3 f6 20.Qh7+ Kf7 21.fxe5 
Nxe5 22.Nf3 Ng6 23.Rh6 Rh8 24.Qxg6+ Kg8 25.Rxh8+ Kxh8 26.Qd3 Bh5 27.Qf1 
fxg5 28.Qh3 g6 29.Qg3 Bxf3 30.Qxf3 Rc2 31.Qd1 Rc4 32.Bd2 e5 33.Bc3 Qd6 34.
Qe2 Qe6 35.Qf3 Rg4+ 36.Kh1 d4 37.exd4 exd4 38.Re1 Qf5 39.Re8+ 1-0

[Event "III Festival Marche Estate Magistrale"]
[Site "Falconara Marittima ITA"]
[Date "2005.07.24"]
[Round "9"]
[White "Borgiani, Flavio"]
[Black "Mazzariol, Oscar"]
[Result "1/2-1/2"]
[WhiteElo "2208"]
[BlackElo "2078"]
[PlyCount "101"]
[EventDate "2005.07.18"]

1.d4 Nf6 2.Nf3 g6 3.c4 Bg7 4.Nc3 O-O 5.e4 d6 6.g3 c5 7.Bg2 Nc6 8.d5 Na5 9.
Qe2 e6 10.O-O exd5 11.cxd5 Re8 12.h3 a6 13.Qc2 b5 14.Bg5 h6 15.Bxf6 Qxf6 
16.e5 dxe5 17.Ne4 Qb6 18.Qxc5 Rb8 19.Rac1 f5 20.Nd6 Qxc5 21.Rxc5 Rd8 22.
Rfc1 Bb7 23.Nxb7 Rxb7 24.Nd2 Rbd7 25.b4 Nb7 26.Rc6 Rd6 27.Rc7 R8d7 28.Rxd7
Rxd7 29.Rc6 e4 30.Kh2 Rxd5 31.Nb3 Rd6 32.Rxd6 Nxd6 33.Nc5 Bd4 34.Nxa6 Bxf2
35.Bf1 Kf8 36.Nc7 Be1 37.a3 Bc3 38.Bxb5 Bb2 39.a4 Ba3 40.Nd5 Nxb5 41.axb5 
Bb2 42.b6 Ke8 43.Kg2 Be5 44.b5 Kd7 45.h4 Bb8 46.Kf2 g5 47.hxg5 hxg5 48.g4 
Kd6 49.Nb4 Kc5 50.Na6+ Kxb6 51.Nxb8 1/2-1/2

[Event "III Festival Marche Estate Magistrale"]
[Site "Falconara Marittima ITA"]
[Date "2005.07.24"]
[Round "9"]
[White "Dekker, Bart"]
[Black "Capuano, Eugenio"]
[Result "1/2-1/2"]
[WhiteElo "2144"]
[BlackElo "2173"]
[PlyCount "37"]
[EventDate "2005.07.18"]

1.d4 Nf6 2.c4 g6 3.Nc3 Bg7 4.e4 d6 5.f3 O-O 6.Be3 c5 7.Nge2 Nc6 8.d5 Ne5 
9.Ng3 e6 10.Be2 exd5 11.cxd5 a6 12.a4 h5 13.O-O Nh7 14.Qd2 h4 15.Nh1 f5 
16.h3 Bd7 17.Nf2 Qf6 18.f4 Nf7 19.a5 1/2-1/2

[Event "III Festival Marche Estate Magistrale"]
[Site "Falconara Marittima ITA"]
[Date "2005.07.24"]
[Round "9"]
[White "Ferretti, Folco"]
[Black "Stromboli, Carlo"]
[Result "1-0"]
[WhiteElo "2272"]
[BlackElo "2158"]
[PlyCount "51"]
[EventDate "2005.07.18"]

1.Nf3 Nf6 2.c4 b6 3.Nc3 Bb7 4.g3 e6 5.Bg2 Be7 6.O-O c5 7.b3 O-O 8.Bb2 Nc6 
9.d4 d5 10.cxd5 Nxd5 11.Nxd5 exd5 12.Rc1 Rc8 13.Qd2 Qd7 14.Rfd1 Rfd8 15.
Qf4 Bf6 16.Rc2 Qe6 17.dxc5 Bxb2 18.Rxb2 bxc5 19.Ng5 Qf6 20.Bxd5 h6 21.Qxf6
gxf6 22.Nxf7 Rxd5 23.Rxd5 Ne5 24.Nxh6+ Kh7 25.Rxe5 fxe5 26.Nf7 1-0

[Event "III Festival Marche Estate Magistrale"]
[Site "Falconara Marittima ITA"]
[Date "2005.07.24"]
[Round "9"]
[White "Foglia, Maurizio"]
[Black "Maksimenko, Andrei"]
[Result "0-1"]
[WhiteElo "2114"]
[BlackElo "2505"]
[PlyCount "78"]
[EventDate "2005.07.18"]

1.Nf3 d6 2.d4 f5 3.b3 Nf6 4.Bb2 g6 5.g3 Bg7 6.Bg2 O-O 7.O-O Qe8 8.Qc1 Nc6 
9.Nbd2 e5 10.e3 e4 11.Ne1 g5 12.c4 f4 13.d5 f3 14.dxc6 fxg2 15.Nxg2 bxc6 
16.Qc2 c5 17.Rab1 Bb7 18.Bxf6 Rxf6 19.Qd1 a5 20.Qg4 Qg6 21.h4 h6 22.h5 Qe8
23.Rfc1 Qe5 24.a3 Bc6 25.Rc2 Rb8 26.Rcb2 Rf7 27.b4 cxb4 28.axb4 Qe8 29.b5 
Bd7 30.Qd1 Bxb2 31.Rxb2 Qe5 32.Ra2 Qc3 33.Rc2 Qb4 34.Nxe4 Bf5 35.f3 Re8 
36.Qd3 g4 37.Nh4 Qb1+ 38.Kh2 Bxe4 39.fxe4 Rf2+ 0-1

[Event "III Festival Marche Estate Magistrale"]
[Site "Falconara Marittima ITA"]
[Date "2005.07.24"]
[Round "9"]
[White "Gromovs, Sergejs"]
[Black "Dvirnyy, Danyyil"]
[Result "1/2-1/2"]
[WhiteElo "2375"]
[BlackElo "2141"]
[PlyCount "92"]
[EventDate "2005.07.18"]

1.d4 Nf6 2.Nf3 g6 3.c4 Bg7 4.Nc3 O-O 5.e4 d6 6.Be2 e5 7.dxe5 dxe5 8.Qxd8 
Rxd8 9.Bg5 Re8 10.Nd5 Nxd5 11.cxd5 c6 12.Bc4 b5 13.Bb3 Bb7 14.Rd1 cxd5 15.
Bxd5 Bxd5 16.Rxd5 Nc6 17.Ke2 f5 18.Rc1 Rac8 19.Rdc5 Nd4+ 20.Nxd4 Rxc5 21.
Rxc5 exd4 22.f3 h6 23.Bf4 fxe4 24.fxe4 g5 25.Bd2 Rxe4+ 26.Kd3 Re5 27.Bb4 
Re3+ 28.Kd2 Be5 29.g3 h5 30.Rxb5 h4 31.Rd5 hxg3 32.hxg3 Kf7 33.Bc5 Ke6 34.
Bxd4 Kxd5 35.Bxe3 g4 36.b3 Bxg3 37.Bxa7 Be5 38.Ke2 Bf4 39.Kf2 Ke4 40.Kg2 
Kd3 41.Bf2 Kc3 42.Bg3 Bc1 43.Be5+ Kb4 44.Bd6+ Kc3 45.Kf2 Kc2 46.Be5 Ba3 
1/2-1/2

[Event "III Festival Marche Estate Magistrale"]
[Site "Falconara Marittima ITA"]
[Date "2005.07.24"]
[Round "9"]
[White "Padovani, Alessio"]
[Black "Cecchetto, Vanni"]
[Result "1/2-1/2"]
[WhiteElo "2008"]
[BlackElo "2019"]
[PlyCount "31"]
[EventDate "2005.07.18"]

1.c4 e5 2.g3 d6 3.Bg2 g6 4.Nc3 Bg7 5.d3 Nc6 6.e4 Nge7 7.Nge2 O-O 8.O-O Be6
9.Nd5 Qd7 10.Be3 Nd4 11.Nxe7+ Qxe7 12.Qd2 c6 13.Nxd4 exd4 14.Bh6 Rad8 15.
Bxg7 Kxg7 16.Rfe1 1/2-1/2

[Event "III Festival Marche Estate Magistrale"]
[Site "Falconara Marittima ITA"]
[Date "2005.07.24"]
[Round "9"]
[White "Pegoraro, Nicola"]
[Black "Brigati, Alessandro"]
[Result "1/2-1/2"]
[WhiteElo "2085"]
[BlackElo "2034"]
[PlyCount "103"]
[EventDate "2005.07.18"]

1.e4 d6 2.d4 Nf6 3.Nc3 g6 4.f3 Bg7 5.Be3 c6 6.Qd2 b5 7.Bd3 Nbd7 8.Nh3 Bb7 
9.Nf2 a6 10.Ncd1 e5 11.c3 Qe7 12.O-O O-O 13.Bg5 Rfe8 14.Ng4 Qf8 15.Ndf2 
Nxg4 16.Nxg4 h5 17.Nf2 exd4 18.cxd4 Bxd4 19.Rad1 c5 20.Bh6 Qe7 21.Kh1 Ne5 
22.Bb1 Nc4 23.Qc2 Ne3 24.Bxe3 Bxe3 25.Qd3 Bd4 26.b3 Rad8 27.Nh3 d5 28.exd5
Bxd5 29.Nf4 Qf6 30.Nxd5 Rxd5 31.Rde1 Rde5 32.Re4 Kg7 33.a4 Qb6 34.axb5 
axb5 35.Rfe1 Rxe4 36.Rxe4 Rxe4 37.Qxe4 c4 38.bxc4 bxc4 39.Qc2 Qb3 40.Qxb3 
cxb3 41.g3 f5 42.Kg2 Kf6 43.Kf1 g5 44.Ke2 Ke5 45.h3 f4 46.g4 hxg4 47.hxg4 
Kd5 48.Kd2 Kc4 49.Bd3+ Kb4 50.Kc1 Kc3 51.Be4 Be3+ 52.Kb1 1/2-1/2

[Event "III Festival Marche Estate Magistrale"]
[Site "Falconara Marittima ITA"]
[Date "2005.07.24"]
[Round "9"]
[White "Rinaudo, Andrea"]
[Black "Raineri, Valerio"]
[Result "1/2-1/2"]
[WhiteElo "2130"]
[BlackElo "2145"]
[PlyCount "81"]
[EventDate "2005.07.18"]

1.e4 e5 2.Nf3 Nc6 3.Nc3 Nf6 4.Bb5 Bb4 5.O-O O-O 6.d3 d6 7.Bg5 Ne7 8.Nh4 c6
9.Ba4 Bxc3 10.bxc3 d5 11.f4 dxe4 12.fxe5 Nfd5 13.dxe4 h6 14.Bxe7 Nxe7 15.
Qxd8 Rxd8 16.Bb3 Be6 17.Rad1 Bxb3 18.cxb3 c5 19.Nf5 Nc6 20.Nd6 Rd7 21.Rd5 
b6 22.Nc4 Re7 23.Rfd1 Rb8 24.Kf2 b5 25.Rxc5 bxc4 26.Rxc6 cxb3 27.axb3 Rxb3
28.Rc5 Ra3 29.Ke3 a5 30.Rd2 Ra7 31.Kd4 Ra1 32.Kc4 a4 33.Rdd5 Kf8 34.Ra5 
Rc7+ 35.Rdc5 Rb7 36.Rc8+ Ke7 37.Rca8 Rc7+ 38.Kd3 Ra3 39.R8a7 Rxc3+ 40.Kd4 
Rc4+ 41.Kd3 1/2-1/2

[Event "III Festival Marche Estate Magistrale"]
[Site "Falconara Marittima ITA"]
[Date "2005.07.24"]
[Round "9"]
[White "Rinaudo, Sergio"]
[Black "Zilahi, Gabor"]
[Result "1-0"]
[WhiteElo "2087"]
[BlackElo "2117"]
[PlyCount "97"]
[EventDate "2005.07.18"]

1.d4 g6 2.e4 Bg7 3.Nf3 c6 4.Bd3 d5 5.e5 f6 6.O-O Nd7 7.c4 dxc4 8.Bxc4 Nb6 
9.exf6 Nxf6 10.Bb3 Nbd5 11.Nc3 O-O 12.Re1 Bg4 13.h3 Bd7 14.Bg5 Kh8 15.Nxd5
cxd5 16.Bxf6 Rxf6 17.Bxd5 Bxh3 18.Bxb7 Rb8 19.Be4 Bg4 20.Qa4 Qb6 21.Ne5 
Be6 22.Nc6 Rbf8 23.Re2 Bd7 24.Rc1 e5 25.Qc2 exd4 26.Ne5 Bb5 27.Bd3 Qa6 28.
Bxb5 Qxb5 29.Qd3 Qd5 30.b4 Rf5 31.Rc5 Qd6 32.Nc4 Qf4 33.Rxf5 Rxf5 34.g3 
Qc1+ 35.Kg2 Bf6 36.a4 Rh5 37.Re8+ Kg7 38.Kf3 Qh1+ 39.Ke2 Qc6 40.Rb8 Qxa4 
41.Rb7+ Kh6 42.Qd2+ g5 43.Qd3 Qe8+ 44.Kd2 Qg8 45.Rxa7 Rh2 46.Qf3 Qe6 47.g4
Kg6 48.Nd6 Qe5 49.Qd3+ 1-0

[Event "III Festival Marche Estate Magistrale"]
[Site "Falconara Marittima ITA"]
[Date "2005.07.24"]
[Round "9"]
[White "Rossi, Aldo A."]
[Black "Faber, Hugo"]
[Result "1/2-1/2"]
[WhiteElo "2154"]
[BlackElo "2167"]
[PlyCount "101"]
[EventDate "2005.07.18"]

1.d4 Nf6 2.Nf3 g6 3.Bf4 Bg7 4.e3 d6 5.h3 O-O 6.Be2 Nbd7 7.O-O c5 8.c3 b6 
9.a4 a5 10.Na3 Bb7 11.Nc4 h6 12.Bh2 Ne4 13.Nfd2 Nxd2 14.Nxd2 d5 15.Nf3 Rc8
16.Re1 Kh7 17.Bf1 Re8 18.Bb5 Bc6 19.Bxc6 Rxc6 20.e4 cxd4 21.Nxd4 Rc8 22.
exd5 Nf6 23.d6 exd6 24.Nb5 Rxe1+ 25.Qxe1 d5 26.Nd6 Rc7 27.Rd1 Rd7 28.Nb5 
Ne4 29.Nd4 Qc8 30.Qe2 Qc4 31.Qxc4 dxc4 32.Bf4 Nc5 33.Ra1 Bxd4 34.cxd4 Rxd4
35.Be3 Rd5 36.Bxc5 Rxc5 37.Rd1 c3 38.bxc3 Rxc3 39.Rd6 Rb3 40.g3 Rb4 41.Kg2
Kg7 42.h4 h5 43.Rc6 Kf8 44.Rd6 Ke7 45.Rc6 Rxa4 46.Rxb6 Ra2 47.Ra6 a4 48.
Kf3 a3 49.Ke3 Ra1 50.Kf3 a2 51.Kg2 1/2-1/2

[Event "III Festival Marche Estate Magistrale"]
[Site "Falconara Marittima ITA"]
[Date "2005.07.24"]
[Round "9"]
[White "Santurbano, Maria Vincenza"]
[Black "Castrogiovanni, Carlo"]
[Result "1-0"]
[WhiteElo "2001"]
[BlackElo "2108"]
[PlyCount "79"]
[EventDate "2005.07.18"]

1.e4 c5 2.Nf3 a6 3.c3 d5 4.exd5 Qxd5 5.d4 Bg4 6.Be2 cxd4 7.O-O e6 8.cxd4 
Nf6 9.Nc3 Qd8 10.Qb3 b6 11.Rd1 Nd5 12.Bg5 f6 13.Bh4 Be7 14.Qa4+ Nd7 15.
Nxd5 exd5 16.Qc6 O-O 17.Qxd5+ Kh8 18.h3 Bxf3 19.Bxf3 Ra7 20.Bg3 f5 21.Be5 
Nf6 22.Qc6 Rd7 23.Rac1 Bd6 24.Qa4 a5 25.Rc6 Ne4 26.Rdc1 Bxe5 27.dxe5 Rd4 
28.Qa3 Nc5 29.Qe3 Rd3 30.Qe1 h6 31.e6 Re8 32.Bh5 Re7 33.b4 axb4 34.Qxb4 
Rxe6 35.Rxe6 Nxe6 36.Re1 Rd4 37.Qb5 Re4 38.Rb1 Qg5 39.Qe8+ Kh7 40.Bf7 1-0